Stedman's Pocket Medical Dictionary (South Asian Edition) (Record no. 1875)

MARC details
000 -LEADER
Fixed length control field 00495nam a2200181 a 4500
003 - CONTROL NUMBER IDENTIFIER
Control field IIN
005 - DATE AND TIME OF LATEST TRANSACTION
Control field 20250924122038.0
008 - FIXED-LENGTH DATA ELEMENTS--GENERAL INFORMATION
Fixed length control field 250924s2019 xx d 000 0 eng d
020 ## - INTERNATIONAL STANDARD BOOK NUMBER / ISBN
Price Rs.405.00
International Standard Book Number 9788184733235
040 ## - CATALOGING SOURCE
Original cataloging agency IIN
Language of cataloging English
082 ## - DEWEY DECIMAL CLASSIFICATION NUMBER
Classification number 610.3
Book Number STE
100 1# - MAIN ENTRY--PERSONAL NAME
Personal name Stedman
245 1# - TITLE STATEMENT
Title Stedman's Pocket Medical Dictionary (South Asian Edition)
Statement of responsibility Stedman
260 ## - IMPRINT
Name of publisher Wolters Kluwer
Place of publication New Delhi
Date of publication 2010
300 ## - PHYSICAL DESCRIPTION
Page / Vol. No xv, 1190 p.
650 1# - SUBJECT ADDED ENTRY--TOPICAL TERM
Topical term Nursing
Form subdivision Dictionary
942 ## - ADDED ENTRY ELEMENTS (KOHA)
Koha item type Reference Books
Holdings
Withdrawn status Lost status Source of classification Damaged status Use restrictions Not for loan Collection code Home library Current library Shelving location Date acquired Price Total Checkouts Call number Accession number Date last seen Price effective from Koha item type
    Dewey Decimal Classification   Restricted Access Not For Loan Purches Book IDEAL INSTITUTE OF NURSING IDEAL INSTITUTE OF NURSING Reference 18/03/2025 405.00   610.3 STE 2135 24/09/2025 24/09/2025 Reference Books
© Ideal Institute Of Nursing, All rights reserved.         Powered by Koha